MARC details
| 000 -LEADER |
| fixed length control field |
01300cam a2200373 i 4500 |
| 001 - CONTROL NUMBER |
| control field |
200442836 |
| 003 - CONTROL NUMBER IDENTIFIER |
| control field |
TR-AnTOB |
| 005 - DATE AND TIME OF LATEST TRANSACTION |
| control field |
20230315135020.0 |
| 007 - PHYSICAL DESCRIPTION FIXED FIELD--GENERAL INFORMATION |
| fixed length control field |
ta |
| 008 - FIXED-LENGTH DATA ELEMENTS--GENERAL INFORMATION |
| fixed length control field |
950210s19941994dcua b i000 0 eng d |
| 010 ## - LIBRARY OF CONGRESS CONTROL NUMBER |
| LC control number |
95118999 |
| 020 ## - INTERNATIONAL STANDARD BOOK NUMBER |
| International Standard Book Number |
1557754446 |
| 035 ## - SYSTEM CONTROL NUMBER |
| System control number |
(OCoLC)31967728 |
|
| System control number |
(TR-AnTOB)200442836 |
| 040 ## - CATALOGING SOURCE |
| Original cataloging agency |
DBI |
| Language of cataloging |
eng |
| Description conventions |
rda |
| Transcribing agency |
DBI |
| Modifying agency |
DLC |
| -- |
TR-AnTOB |
| 041 0# - LANGUAGE CODE |
| Language code of text/sound track or separate title |
İngilizce |
| 050 04 - LIBRARY OF CONGRESS CALL NUMBER |
| Classification number |
HG3881 |
| Item number |
.M877 1994 |
| 090 ## - LOCALLY ASSIGNED LC-TYPE CALL NUMBER (OCLC); LOCAL CALL NUMBER (RLIN) |
| Classification number (OCLC) (R) ; Classification number, CALL (RLIN) (NR) |
HG3881 |
| Local cutter number (OCLC) ; Book number/undivided call number, CALL (RLIN) |
.M877 1994 |
| 100 1# - MAIN ENTRY--PERSONAL NAME |
| Personal name |
Mussa, Michael |
| Relator term |
author |
| 9 (RLIN) |
132043 |
| 245 00 - TITLE STATEMENT |
| Title |
Improving the international monetary system : |
| Remainder of title |
constraints and possibilities / |
| Statement of responsibility, etc. |
Michael Mussa [and four others]. |
| 264 #1 - PRODUCTION, PUBLICATION, DISTRIBUTION, MANUFACTURE, AND COPYRIGHT NOTICE |
| Place of production, publication, distribution, manufacture |
Washington, DC : |
| Name of producer, publisher, distributor, manufacturer |
International Monetary Fund, |
| Date of production, publication, distribution, manufacture, or copyright notice |
1994. |
|
| Date of production, publication, distribution, manufacture, or copyright notice |
©1994 |
| 300 ## - PHYSICAL DESCRIPTION |
| Extent |
v, 39 pages : |
| Other physical details |
illustrations ; |
| Dimensions |
28 cm |
| 336 ## - CONTENT TYPE |
| Content type term |
text |
| Content type code |
txt |
| Source |
rdacontent |
| 337 ## - MEDIA TYPE |
| Media type term |
unmediated |
| Media type code |
n |
| Source |
rdamedia |
| 338 ## - CARRIER TYPE |
| Carrier type term |
volume |
| Carrier type code |
nc |
| Source |
rdacarrier |
| 490 0# - SERIES STATEMENT |
| Series statement |
Occasional paper ; |
| Volume/sequential designation |
116. |
| 650 #0 - SUBJECT ADDED ENTRY--TOPICAL TERM |
| Topical term or geographic name entry element |
International finance |
| 9 (RLIN) |
1817 |
| 710 2# - ADDED ENTRY--CORPORATE NAME |
| Corporate name or jurisdiction name as entry element |
International Monetary Fund |
| 9 (RLIN) |
79373 |
| 856 41 - ELECTRONIC LOCATION AND ACCESS |
| Materials specified |
IMF eLibrary (Open Access) |
| Public note |
Online access link to the resource |
| Uniform Resource Identifier |
<a href="https://www.elibrary.imf.org/display/book/9781557754448/9781557754448.xml?rskey=lDv94y&result=1">https://www.elibrary.imf.org/display/book/9781557754448/9781557754448.xml?rskey=lDv94y&result=1</a> |
| 942 ## - ADDED ENTRY ELEMENTS (KOHA) |
| Source of classification or shelving scheme |
Library of Congress Classification |
| Koha item type |
Book |